Statystyki dla INSTRUMENTY UŻYWANE W POLSKIEJ MUZYCE LUDOWEJ:

Kliknij tutaj aby rozwiązać quiz!

Ogólne statystyki

  • Ten quiz został rozwiązany 50 razy
  • Średni wynik to 3 z 5

Statystyki odpowiedzi

Odpowiedź% Poprawnych
SKRZYPCE
90%
AKORDEON
77%
KLARNET
54%
KONTRABAS
51%
CYMBAŁY
13%

Rozkład punktacji

Percentyl według liczby udzielonych odpowiedzi

Procent ludzi z każdym wynikiem

Twoja historia wyników

Nie rozwiązałeś tego quizu